Les personnages de Prison Break - Statistiques

Statistiques générales
  • Ce quiz a été pris 51 fois
    47 depuis la dernière actualisation
  • Le résultat moyen est 15 sur 65
Statistiques - réponses
Hint Réponse % Correct
2 Lincoln Burrows
97%
1 Michael Scofield
97%
3 Fernando Sucre
91%
4 T bag
85%
9 LJ Burrows
74%
7 John Abruzzi
71%
40 Aldo Burrows
68%
5 Sara Tancredi
68%
33 Alexander Mahone
56%
8 Benjamin Franklin
56%
6 Brad Bellick
56%
38 Deedee Franklin
50%
46 Kacee Franklin
50%
44 Cameron Mahone
47%
43 Pam Mahone
47%
10 Veronica Donovan
47%
20 Frank Tancredi
41%
12 Henry Pope
41%
11 Paul Kellerman
41%
13 Charles Westmoreland
32%
15 Charles Patoshik
29%
35 Gretchen Morgan
26%
36 Don Self
24%
14 David Apolskis
21%
39 Jonathan Krantz
21%
32 Lechero
21%
19 Caroline Reynolds
18%
42 Bill Kim
15%
227 Nick Savrin
15%
21 Roy Geary
15%
51 Sammy
15%
18 Terrence Steadman
15%
17 Maricruz Delgado
12%
56 Poseidon
9%
37 Sofia Lugo
9%
54 Whip
9%
48 Christina Rose
6%
65 Felicia Lang
6%
34 James Wistler
6%
16 Nika Volek
6%
41 Wyatt
6%
57 Avocado
3%
62 Bruce Bennett
3%
29 Daniel Hale
3%
45 Marilyn
3%
52 Mcgrady
3%
23 Philly Falzone
3%
61 Quinn
3%
24 Seth
3%
53 Sheba
3%
59 Susan Hollander
3%
55 Abu Ramal
0%
31 Crab Simmons
0%
28 Hector Avilla
0%
58 Katie
0%
30 Leaticia Barris
0%
49 Lisa Rix
0%
50 Lisa Tabac
0%
22 Louis Patterson
0%
25 Manche Sanchez
0%
64 Richard Sullins
0%
47 Roland Glenn
0%
63 Sebastian Balfour
0%
26 stolt
0%
60 Zack Hollander
0%
Aucun quiz correspondant
Distribution des résultats
% des personnes avec chaque résultat
Percentile par nombre de réponses
Votre historique - résultats
Vous n’avez pas pris ce quiz depuis la dernière actualisation